Kiểm tra đánh giá thường xuyên và định kì môn Ngữ văn lớp 12

Sách gồm 3 phần giới thiệu đề kiểm tra đánh giá theo hướng đổi mới, một số đề kiểm tra tổng hợp kiến thức, gợi ý trả lời và đáp án.

محفوظ في:
التفاصيل البيبلوغرافية
المؤلف الرئيسي: Lê, A
التنسيق: كتاب
اللغة:Undetermined
منشور في: Hà Nội Giáo dục 2009
الموضوعات:
الوسوم: إضافة وسم
لا توجد وسوم, كن أول من يضع وسما على هذه التسجيلة!
Thư viện lưu trữ: Trung tâm Học liệu Trường Đại học Cần Thơ
LEADER 00899nam a2200217Ia 4500
001 CTU_197584
008 210402s9999 xx 000 0 und d
020 |c 24900 
082 |a 495.9220712 
082 |b A100/T.1 
100 |a Lê, A 
245 0 |a Kiểm tra đánh giá thường xuyên và định kì môn Ngữ văn lớp 12 
245 0 |c Lê A chủ biên 
260 |a Hà Nội 
260 |b Giáo dục 
260 |c 2009 
520 |a Sách gồm 3 phần giới thiệu đề kiểm tra đánh giá theo hướng đổi mới, một số đề kiểm tra tổng hợp kiến thức, gợi ý trả lời và đáp án. 
650 |a Philology,Ngữ văn 
650 |x Study and teaching (Secondary),Dạy và học (Trung học) 
904 |i Hải 
980 |a Trung tâm Học liệu Trường Đại học Cần Thơ